breakfast foods - Statistics

General Stats
  • This quiz has been taken 427 times
  • The average score is 3 of 7
Answer Stats
hint Answer % Correct
french toast
95%
oat meal
70%
sausage and bacon
47%
pan cakes
42%
choclate chip muffins
16%
fruit loops
9%
breakfast pizza
2%
No matching quizzes found
Score Distribution
Percent of People with Each Score
Percentile by Number Answered
Your Score History
You have not taken this quiz